[Event "BUL-chT"]
[Site "Plovdiv"]
[Date "2003.11.09"]
[Round "7"]
[White "Zaikov, Nikola"]
[Black "Slavov, Dimitar"]
[Result "1/2-1/2"]
[WhiteElo "2230"]
[BlackElo "2280"]
[PlyCount "47"]
[EventDate "2003.11.??"]
[EventType "team"]
[EventRounds "9"]
[EventCountry "BUL"]
[SourceTitle "CBM 097 Extra"]
[Source "ChessBase"]
[SourceDate "2004.01.13"]
[SourceVersion "1"]
[SourceVersionDate "2004.01.13"]
[SourceQuality "1"]

1. d4 d5 2. Nf3 Nf6 3. c4 c6 4. cxd5 cxd5 5. Nc3 Nc6 6. Bf4 e6 7. e3 a6 8. Bd3 Bd6 9. Bg3 h5 10. Rc1 Bxg3 11. hxg3 Qb6 12. Qd2 Bd7 13. 0-0 0-0 14. Na4 Qb4 15. Nc5 Qxd2 16. Nxd2 Nb4 17. Bb1 Bb5 18. Rfd1 b6 19. Ncb3 Rfc8 20. Nf3 Be2 21. Rxc8+ Rxc8 22. Rc1 Rxc1+ 23. Nxc1 Bxf3 24. gxf3 1/2-1/2

[Event "BUL-chT"]
[Site "Plovdiv"]
[Date "2003.11.06"]
[Round "3"]
[White "Zaikov, Nikola"]
[Black "Nikolov, Jordan"]
[Result "1-0"]
[WhiteElo "2230"]
[BlackElo "2157"]
[PlyCount "147"]
[EventDate "2003.11.??"]
[EventType "team"]
[EventRounds "9"]
[EventCountry "BUL"]
[SourceTitle "CBM 097 Extra"]
[Source "ChessBase"]
[SourceDate "2004.01.13"]
[SourceVersion "1"]
[SourceVersionDate "2004.01.13"]
[SourceQuality "1"]

1. d4 Nf6 2. Nf3 e6 3. c4 b6 4. Nc3 Bb4 5. Bg5 h6 6. Bh4 g5 7. Bg3 Ne4 8. Qc2 Bb7 9. e3 Bxc3+ 10. bxc3 d6 11. Bd3 f5 12. 0-0 Nd7 13. Nd2 Nxd2 14. Qxd2 Qf6 15. f4 0-0-0 16. a4 a5 17. Qc2 Rhf8 18. Rae1 Qg7 19. e4 e5 20. fxe5 f4 21. e6 fxg3 22. exd7+ Qxd7 23. e5 gxh2+ 24. Kxh2 dxe5 25. Bf5 Rxf5 26. Rxf5 exd4 27. cxd4 Qxd4 28. Qe2 Bc6 29. c5 Qh4+ 30. Kg1 Qd4+ 31. Kh2 Qh4+ 32. Kg1 Qd4+ 33. Kh2 Qxa4 34. cxb6 Qh4+ 35. Kg1 Qd4+ 36. Qe3 cxb6 37. Qxd4 Rxd4 38. Rf6 Kd7 39. Rf7+ Kd6 40. Rf6+ Kd5 41. Rc1 Bd7 42. Rxb6 h5 43. Rg6 Bg4 44. Rxg5+ Ke4 45. Rxa5 Kf4 46. Rac5 Kg3 47. R5c3+ Kh4 48. Kh2 Rd2 49. R3c2 Rd3 50. Rc3 Rd6 51. g3+ Kg5 52. Rc5+ Kf6 53. Rc6 Rxc6 54. Rxc6+ Kf5 55. Kg2 Ke4 56. Kf2 Ke5 57. Ke3 Kf5 58. Rc5+ Kg6 59. Kf4 Bd1 60. Rc6+ Kg7 61. Rc7+ Kg8 62. Kg5 Kf8 63. Rc8+ Ke7 64. Rh8 Bc2 65. Kxh5 Kf6 66. Rh6+ Kg7 67. Rb6 Bd3 68. Kg5 Bc4 69. Rb7+ Kh8 70. Kh6 Bd5 71. Ra7 Be6 72. Kg5 Bb3 73. g4 Bc4 74. Kh6 1-0